मुस्लिम महिला शिक्षा और सांस्कृतिक बाधाएँ : (Record no. 27338)
[ view plain ]
| 000 -LEADER | |
|---|---|
| fixed length control field | 00672nam a2200145Ia 4500 |
| 041 ## - LANGUAGE CODE | |
| Language code of text/sound track or separate title | हिंदी |
| 082 ## - DEWEY DECIMAL CLASSIFICATION NUMBER | |
| Classification number | RP.0343 |
| 100 ## - MAIN ENTRY--AUTHOR NAME | |
| Personal name | प्रसाद,राजेंद्र |
| 245 #0 - TITLE STATEMENT | |
| Title | मुस्लिम महिला शिक्षा और सांस्कृतिक बाधाएँ : |
| Sub Title | एक सामाजिक अध्ययन / |
| Statement of responsibility, etc | राजेंद्र प्रसाद |
| 260 ## - PUBLICATION, DISTRIBUTION, ETC. (IMPRINT) | |
| Place of publication | नई दिल्ली : |
| Name of publisher/Sponsor | भारतीय सामाजिक विज्ञानं अनुसन्धान परिषद, |
| Year of publication | 2017 |
| 300 ## - PHYSICAL DESCRIPTION | |
| Number of Pages | 138 p. |
| 546 ## - LANGUAGE NOTE | |
| Language note | Hindi |
| 650 ## - SUBJECT ADDED ENTRY--TOPICAL TERM | |
| Topical Term | Muslim women |
| -- | Education |
| 942 ## - ADDED ENTRY ELEMENTS (KOHA) | |
| Koha item type | Research Reports |
| Source of classification or shelving scheme | Dewey Decimal Classification |
| Withdrawn status | Lost status | Damaged status | Not for loan | Collection code | Home library | Current library | Date acquired | Source of acquisition | Full call number | Accession Number | Koha item type |
|---|---|---|---|---|---|---|---|---|---|---|---|
| Not For Loan | ICSSR Research Project Reports | NASSDOC Library | NASSDOC Library | 17/12/2021 | Gifted by: RP Division ICSSR | RP.0343 | 51941 | Research Reports |
